000 00673nam a2200217Ii 4500
003 JO-AjNU
008 230605s9999||||xx |||||||||||||| ||und||
040 _aJO-AjNU
_bara
_erda
_cJO-AjNU
041 _aara
050 1 4 _aPJ7571.H37 2000
100 3 _aحرب،علي,
_eauthor
_99604
245 0 0 _aنقد الحقيقة:النص والحقيقة
250 _aط1
264 3 1 _aبيروت:المركز الثقافي العربي،1993
300 _a148ص
336 _atext
_btxt
_2rdacontent
337 _aunmediated
_bn
_2rdamedia
338 _avolume
_bnc
_2rdacarrier
490 0 _a النص والحقيقة
650 4 _a الفلسفة الإسلامية
_99605
999 _aA1386
_c4954
_d4954